00493cam a22001937a 4500003000500000005001700005008004100022010000800063011000900071035000800080040000900088082001500097100002100112245004400133260004200177300002000219650003700239650002300276CHAP20220329132956.0971013s1987 enka r 00010 eng d a845 a1817 a994 cCHAP04a632.8bF7300aFraser, R. S. S.10aBiochemistry of virus - infected plants aLetchworth :bResearch Studies,c1987 a259 p.b: ilus.14aPlantasxEnfermedades por virus.14aQuímica vegetal.